Multivariate statistical methods for business and economics (Record no. 28552)

MARC details
000 -LEADER
fixed length control field 00324nam a2200121Ia 4500
082 ## - DEWEY DECIMAL CLASSIFICATION NUMBER
Classification number 31:658
Item number BOL
100 ## - MAIN ENTRY--AUTHOR NAME
Personal name Bolchi, Ben W
245 #0 - TITLE STATEMENT
Title Multivariate statistical methods for business and economics
260 ## - PUBLICATION, DISTRIBUTION, ETC. (IMPRINT)
Place of publication New Jersey
Year of publication 1974
700 ## - ADDED ENTRY--PERSONAL NAME
Personal name Huand, Cliff
942 ## - ADDED ENTRY ELEMENTS (KOHA)
Koha item type Books
Holdings
Withdrawn status Lost status Damaged status Not for loan Home library Current library Date acquired Cost, normal purchase price Full call number Accession Number Koha item type
        RRII Library RRII Library 16/12/2021 16.95 31:658 BOL 09150 Books